The economics of the financial system

সংরক্ষণ করুন:
গ্রন্থ-পঞ্জীর বিবরন
প্রধান লেখক: Bain, A. D.
বিন্যাস: গ্রন্থ
ভাষা:Undetermined
প্রকাশিত: Oxford Martin Robertson 1981
বিষয়গুলি:
ট্যাগগুলো: ট্যাগ যুক্ত করুন
কোনো ট্যাগ নেই, প্রথমজন হিসাবে ট্যাগ করুন!
Thư viện lưu trữ: Trung tâm Học liệu Trường Đại học Cần Thơ
LEADER 00470nam a2200181Ia 4500
001 CTU_79177
008 210402s9999 xx 000 0 und d
082 |a 332.0941 
082 |b B162 
100 |a Bain, A. D. 
245 4 |a The economics of the financial system 
245 0 |c A. D. Bain 
260 |a Oxford 
260 |b Martin Robertson 
260 |c 1981 
650 |a Finance 
650 |z Great Britain 
980 |a Trung tâm Học liệu Trường Đại học Cần Thơ